| 000 | 01304cam a22002771i 4500 | ||
|---|---|---|---|
| 003 | SA-RiAUC | ||
| 005 | 20240928141526.0 | ||
| 008 | 240922q19001999ua g 000 0 ara c | ||
| 040 |
_aJO-AmWISE _bara _cSA-RiAUC _erda |
||
| 082 | 0 | 4 |
_a227.3 _qSA-RiAUC |
| 090 |
_a227.3 _bا ب و س |
||
| 100 | 1 |
_aأبو السعود، محمد بن محمد بن مصطفى، _d898-982 هجري _eمؤلف. |
|
| 245 | 1 | 0 |
_aتفسير أبي السعود، المسمى، إرشاد العقل السليم إلى مزايا القرآن الكريم / _cمحمد بن محمد العمادي أبو السعود ؛ إشراف محمد عبد اللطيف. |
| 246 | 3 | 3 | _aإرشاد العقل السليم إلى مزايا القرآن الكريم |
| 250 | _aالطبعة الأولى. | ||
| 264 | 1 |
_aالقاهرة : _bمكتبة ومطبعة محمد علي صبيح وأولاده، _c[بين 1900 و1999] |
|
| 300 | _a407 صفحة | ||
| 336 |
_aنص _btxt _2rdacontent _3كتاب |
||
| 337 |
_aبدون وسيط _bn _2rdamedia |
||
| 338 |
_aمجلد _bnc _2rdacarrier |
||
| 630 | 2 | 7 |
_aالقرآن _xتفاسير مأثورة _2aucut |
| 700 | 1 |
_aعبد اللطيف، محمد محمد، _d1949- _eمشرف. |
|
| 730 | 2 | 2 | _aالقرآن |
| 942 |
_2ddc _cRARE BOOK _n0 |
||
| 949 |
_aSA-JeALM _d240922 _umohamedma123 _n1 |
||
| 999 |
_c503 _d503 |
||